Debordelizace hlavy zprimitivněte k úspěchu

Gespeichert in:
Bibliographische Detailangaben
1. Verfasser: Toman, Ivo
Format: Buch
Sprache:Tschechisch
Veröffentlicht: Praha TAXUS Interantional 2009
Ausgabe:3. vyd.
Schlagworte:
Tags: Tag hinzufügen
Keine Tags, Fügen Sie das erste Tag hinzu!

MARC

LEADER 00000nam a2200000 4500
001 0121441
005 20240313132826.0
041 0 |a cze 
044 |a CZ 
245 1 0 |a Debordelizace hlavy  |b zprimitivněte k úspěchu  |c Ivo Toman 
250 |a 3. vyd. 
264 1 |a Praha  |b TAXUS Interantional  |c 2009 
300 |a 192 s. 
610 2 0 |a psychológia 
610 2 0 |a sebapoznanie 
610 2 0 |a sebarealizácia 
610 2 0 |a sebariadenie 
610 2 0 |a poradenstvo 
100 1 |a Toman, Ivo